| 000 | 02790nam a2200529Ia 4500 | ||
|---|---|---|---|
| 001 | dia_6485 | ||
| 003 | CHAP | ||
| 005 | 20240514083621.0 | ||
| 007 | ta | ||
| 008 | 220117s2017 mx abdof 001 0 spa d | ||
| 040 |
_amxchpua _cCHAP |
||
| 090 |
_aT.C.750 _bS99 IA _c2017 |
||
| 245 | 1 | 0 |
_aIntroducción a la Agroindustria : reporte de fase de campo / _ccoordinador Rosa Guadalupe Szymanski Duque ; colaboradores Isabel Buendía Corona...[y otros] |
| 260 |
_aMéxico : _bEl autor, _c2017 |
||
| 300 |
_a235 hojas : _bilustraciones, mapas, tablas, gráficas, fotos |
||
| 336 |
_2rdacontent _atexto _btxt |
||
| 337 |
_2rdamedia _ano mediado _bn |
||
| 338 |
_2rdacarrier _avolumen _bnc |
||
| 500 | _aGrado: 4° año Grupo: 03 | ||
| 502 |
_aViaje de Estudios _b(IA) -- _cUACh. Departamento de Ingeniería Agroindustrial, _d2017 |
||
| 505 | 0 | 0 |
_aEmpresas visitadas : --
_t1.Rastro Avícola Celayense, S. P. R. de R. L. -- 2.Cajeta Santa Cruz -- 3.Finca VAI -- 4.Sociedad Cooperativa Trabajadores de Pascual (Boing) -- 5.Ingredion México, S. A. de C. V. -- 6.Finca Salsa Vive, Viña Doña Dolores by Freixenet -- 7.Frigorizados La Huerta, S. A. de C. V. -- 8.Centro de productores de Zacatecas -- 9.Maltera Grupo Modelo -- 10.Cervecera Grupo Modelo -- 11.Arca Continental -- 12.Carnes La Laguna Meat Land, S. A . de C. V. Planta Procesadora TIF 328 -- 13.Agrícola Paredes, S. A. de C. V. -- 14.Asociación de Agricultores del Río Culiacán (AARC) -- 15.Alimentos KAY, S.A. de C.V. -- 16.Congeladora Oceánica, S. A. de C.V. -- 17.Pinsa congelados, S. A. de C. V. -- 18.Dulcería CHOMPYS, S. A. de C. V. -- 19.Ingenio Tala -- 20.Casa Cofradía -- 21.Casa Sauza -- 22.Berryjal -- 23.Agroapícola de Jalisco, S. de P. R. de R. L. |
| 650 | 1 | 3 |
_aIndustria del ganado y de la carne _9147937 |
| 650 | 1 | 3 |
_aFrutos _9150524 |
| 650 | 1 | 3 |
_aMiel y productos fabricados por abejas _9143229 |
| 650 | 1 | 3 |
_aAcuicultura _9758 |
| 650 | 1 | 3 |
_aDestilados _9161598 |
| 650 | 1 | 3 |
_aVerduras _9150530 |
| 650 | 1 | 3 | _aVinos |
| 650 | 1 | 3 |
_aOleaginosas _9143465 |
| 650 | 1 | 3 |
_aDistillates _9161599 |
| 650 | 1 | 3 |
_aFruits _9150789 |
| 650 | 1 | 3 |
_aHoney and bee products _9147739 |
| 650 | 1 | 3 |
_aLivestock and meat industry _9147938 |
| 650 | 1 | 3 |
_aOilseeds _9152851 |
| 650 | 1 | 3 |
_aAquaculture _9153764 |
| 650 | 1 | 3 |
_aVegetables _9151808 |
| 650 | 1 | 3 |
_aWines _9148017 |
| 700 | 1 |
_aSzymanski Duque, Rosa Guadalupe _9151434 _ecoordinadora |
|
| 700 | 1 |
_aBuendía Corona, Isabel _9161602 _ecolaboradora |
|
| 856 | 4 | 2 |
_uhttp://10.13.5.2/ve/TC750IA/TC750IA2017-REPORTE.pdf _yDESCARGAR REPORTE |
| 901 | _aT.C.750 S99 IA 2017 | ||
| 902 | _aM | ||
| 905 | _a5232272017 mx nmdl8223123322spa16 | ||
| 942 | _2local | ||
| 942 | _cVE | ||
| 999 |
_c177591 _d177591 |
||